| 000 | 00794nam a22002177a 4500 | ||
|---|---|---|---|
| 005 | 20200104041631.0 | ||
| 008 | 150106b xxu||||| |||| 00| 0 spa d | ||
| 040 |
_aCO-BoIAVH _cCO-BoIAVH |
||
| 041 | _aspa | ||
| 044 | _ack | ||
| 090 |
_aEA _b00223 |
||
| 245 |
_aExplorando el Planeta : _bTortugas marinas, Viajeras Milenarias |
||
| 260 |
_aBogotá D.C : _bChigüiros Editores S.A, _bNúmero, _bFernando Mazuera y Cia S.A, _bPorvenir, _c2007. |
||
| 300 |
_a34 pag _bIl, fot (col) _c27 cm |
||
| 490 |
_aExplorando el Planeta _vN° 12 |
||
| 650 |
_aEducación Ambiental _9162 |
||
| 650 | 6 |
_aTortugas Marinas _xReproducción _xEspecies en peligro _xConservación de especies _931053 |
|
| 650 |
_aWayuu _xVida Social y Costumbres _931054 |
||
| 650 |
_aJuegos Educativos _931019 |
||
| 942 |
_2z _cREVISTA |
||
| 999 |
_c8916 _d8916 |
||